000 01753cam a22003014a 4500
001 12340379
005 20210414114131.0
008 010309s2002 maua 001 0 eng
010 _a 2001030617
020 _a0072411635 (pbk. : alk. paper)
040 _aDLC
_cDLC
_dDLC
042 _apcc
050 0 0 _aQA76.73.C153 C653
082 0 0 _a005.13/3
_221
100 1 _aCohoon, James P.
245 1 0 _aC++ program design :an introduction to programming and object-oriented design. /
_cJames P. Cohoon, Jack W. Davidson.
250 _a3rd ed.
260 _aBoston :
_bMcGraw-Hill,
_c2002.
300 _axxviii, 948 p. :
_bill.;
_c24 cm.
500 _aIncludes index.
505 _aContents: Computing and the object- oriented design methodology -- C++: the fundamentals -- Modifying objects -- Control constructs -- Function basics -- Programmer- defined functions -- The Class construct and object- oriented design -- Implementing abstract data types -- Lists -- The EzWindows API: a detailed examination -- Pointers and dynamic memory -- Testing and debugging -- Inheritance -- Templates and polymorphism -- Software project- bug hunt! -- Appendix A: Tables -- Appenidx B: Standards libraries -- Appenidx C: Standards classes -- Appendix D: Advanced topics -- Appendix E: EzWindows API reference manual -- Appendix F: Projects and makefiles.
650 0 _aC++ (Computer program language)
650 0 _aObject-oriented programming (Computer science)
700 1 _aDavidson, Jack W.
_q(Jack Winfred)
906 _a7
_bcbc
_corignew
_d1
_eocip
_f20
_gy-gencatlg
942 _2lcc
_cBK
999 _c2201
_d9701